Music Quiz

Random Music or Bands Quiz
Score 0/173 Timer 15:00
1 Play Today
Notable Song Album and Artist % Correct
'Smells Like Teen Spirit'Nevermind - Nirvana
92.2%
'Heart-Shaped Box'In Utero - Nirvana
92%
'The Man Who Sold the World' (Live Album)MTV Unplugged in New York - Nirvana
92%
'Lithium' (Live Album)From the Muddy Banks of the Wishkah - Nirvana
91.9%
'Ice Ice Baby'To the Extreme - Vanilla Ice
90.6%
'Black or White'Dangerous - Michael Jackson
90%
'Scream' (Greatest Hits and Studio Album)HIStory: Past, Present and Future, Book I - Michael Jackson
89.1%
'Losing My Religion'Out of Time - R.E.M.
88.8%
'What's the Frequency, Kenneth?'Monster - R.E.M.
88.8%
'U Can't Touch This'Please Hammer, Don't Hurt 'Em - MC Hammer
86.7%
'Hakuna Matata' (Soundtrack)The Lion King: Original Motion Picture Soundtrack - Elton John and Hans Zimmer
85.4%
'It's All Coming Back to Me Now'Falling into You - Celine Dion
85.3%
'My Heart Will Go On'Let's Talk About Love - Celine Dion
85.3%
'Because You Loved Me' (Greatest Hits)All the Way... a Decade of Song - Celine Dion
85.3%
'I Will Always Love You' (Soundtrack)The Bodyguard: Original Soundtrack Album - Whitney Houston and Various Artists
85.2%
'Enter Sandman'Metallica - Metallica
83.4%
'Until It Sleeps'Load - Metallica
83.3%
'The Unforgiven II'ReLoad - Metallica
83.3%
'Nothing Compares 2 U'I Do Not Want What I Haven't Got - Sinéad O'Connor
81.6%
'Murder Was the Case (Remix)' (Soundtrack)Murder Was the Case: The Soundtrack - Snoop Doggy Dogg and Various Artists
81%
'Gin and Juice'Doggystyle - Snoop Doggy Dogg
81%
'Snoop's Upside Ya Head'Tha Doggfather - Snoop Doggy Dogg
80.9%
'Still a G Thang'Da Game Is to Be Sold Not to Be Told - Snoop Doggy Dogg
80.9%
'That's the Way Love Goes'janet. - Janet Jackson
80.4%
'Another Brick in the Wall (Part 2)' (Live Album)P*U*L*S*E - Pink Floyd
79.9%
'Lost for Words'The Division Bell - Pink Floyd
79.7%
'Achy Breaky Heart'Some Gave All - Billy Ray Cyrus
79.6%
'Livin' la Vida Loca'Ricky Martin - Ricky Martin
78.7%
'Together Again'The Velvet Rope - Janet Jackson
78%
'Wannabe'Spice - Spice Girls
76.9%
'Honey'Butterfly - Mariah Carey
76.7%
'Dreamlover'Music Box - Mariah Carey
76.6%
'One Sweet Day'Daydream - Mariah Carey
76.6%
'Vision of Love'Mariah Carey - Mariah Carey
76.6%
'Panama' (Greatest Hits)Best Of Volume I - Van Halen
76.2%
'Right Now'For Unlawful Carnal Knowledge - Van Halen
76.2%
'Can't Stop Lovin' You'Balance - Van Halen
76.2%
'Tears in Heaven' (Live Album)Unplugged - Eric Clapton
75.9%
'No Scrubs'FanMail - TLC
75.4%
'How Long Blues'From the Cradle - Eric Clapton
75.4%
'Mo Money Mo Problems'Life After Death - The Notorious B.I.G.
74.7%
'Notorious B.I.G.'Born Again - The Notorious B.I.G.
74.6%
'Genie in a Bottle'Christina Aguilera - Christina Aguilera
73.4%
'Livin' on the Edge'Get a Grip - Aerosmith
73.3%
'Falling in Love (Is Hard on the Knees)'Nine Lives - Aerosmith
73.2%
'I'd Do Anything for Love (But I Won't Do That)'Bat Out of Hell II: Back Into Hell - Meat Loaf
73.1%
'My Heart Will Go On' (Soundtrack)Titanic: Music from the Motion Picture - Various Artists
73%
'Straight Up'Forever Your Girl - Paula Abdul
72.8%
'Rush Rush'Spellbound - Paula Abdul
72.8%
'Streets of Philadelphia' (Greatest Hits)Greatest Hits - Bruce Springsteen
72.4%
'Don't Speak'Tragic Kingdom - No Doubt
71%
'I Want It That Way'Millennium - Backstreet Boys
71%
'Sabotage'Ill Communication - Beastie Boys
70.3%
'Intergalactic'Hello Nasty - Beastie Boys
70.3%
'Knockin' on Heaven's Door'Use Your Illusion II - Guns N' Roses
69.8%
'California Love'All Eyez on Me - 2Pac
68.8%
'Dear Mama'Me Against the World - 2Pac
68.8%
'To Live & Die in L.A.'The Don Killuminati: The 7 Day Theory - Makaveli
68.8%
Notable Song Album and Artist % Correct
'Mysterious Ways'Achtung Baby - U2
68.5%
'Another Day in Paradise'...But Seriously - Phil Collins
68.5%
'Discothèque'Pop - U2
68.4%
'Stay (Faraway, So Close!)'Zooropa - U2
68.4%
'I'll Make Love to You'II - Boyz II Men
66.6%
'Black Hole Sun'Superunknown - Soundgarden
66.2%
'Men in Black' (Soundtrack)Men in Black: The Album - Various Artists
65.6%
'Bohemian Rhapsody' (Soundtrack)Music from the Motion Picture Wayne's World - Various Artists
64.3%
'Desperado' (Live Album)Hell Freezes Over - Eagles
64.1%
'Smooth'Supernatural - Santana
64%
'Friends in Low Places' (Greatest Hits)The Hits - Garth Brooks
63.5%
'The River'Ropin' the Wind - Garth Brooks
63.5%
'Learning to Live Again'The Chase - Garth Brooks
63.5%
'Ain't Going Down ('Til the Sun Comes Up)'In Pieces - Garth Brooks
63.5%
'Longneck Bottle'Sevens - Garth Brooks
63.5%
'The Thunder Rolls' (Anthology)The Limited Series - Garth Brooks
63.5%
'Much Too Young (To Feel This Damn Old)' (Live Album)Double Live - Garth Brooks
63.5%
'Daughter'Vs. - Pearl Jam
63.3%
'Betterman'Vitalogy - Pearl Jam
63.2%
'Off He Goes'No Code - Pearl Jam
63%
'You Oughta Know'Jagged Little Pill - Alanis Morissette
62.9%
'(You Drive Me) Crazy'...Baby One More Time - Britney Spears
62.3%
'Hard Knock Life (Ghetto Anthem)'Vol. 2...Hard Knock Life - Jay-Z
61.8%
'Killing Me Softly'The Score - Fugees
61.4%
'Thank U'Supposed Former Infatuation Junkie - Alanis Morissette
60.8%
'With Arms Wide Open'Human Clay - Creed
60.6%
'Doo Wop (That Thing)'The Miseducation of Lauryn Hill - Lauryn Hill
59.3%
'Free As a Bird' (Anthology)Anthology 1 - The Beatles
58.9%
'Real Love' (Anthology)Anthology 2 - The Beatles
58.9%
'The Long and Winding Road' (Anthology)Anthology 3 - The Beatles
58.9%
'Breathe'Breathe - Faith Hill
57.8%
'I Don't Want to Miss a Thing' (Soundtrack)Armageddon: The Album - Various Artists
55.6%
'Blame It on the Rain'Girl You Know It's True - Milli Vanilli
54.5%
'Landslide' (Live Album)The Dance - Fleetwood Mac
52.8%
'Step by Step'Step by Step - New Kids on the Block
51.9%
'When a Man Loves a Woman'Time, Love & Tenderness - Michael Bolton
51.6%
'Reach Out I'll Be There'Timeless: The Classics - Michael Bolton
51.6%
'All That She Wants'The Sign - Ace of Base
50.8%
'A Song for Mama'Evolution - Boyz II Men
49.7%
'Only Wanna Be with You'Cracked Rear View - Hootie & the Blowfish
49.6%
'It Was a Good Day'The Predator - Ice Cube
49.5%
'Old Man & Me (When I Get to Heaven)'Fairweather Johnson - Hootie & the Blowfish
49.2%
'Freak on a Leash'Follow the Leader - KoЯn
49.2%
'Falling Away from Me'Issues - KoЯn
49.1%
'Interstate Love Song'Purple - Stone Temple Pilots
48.2%
'Unforgettable'Unforgettable... with Love - Natalie Cole
47.9%
'Lightning Crashes'Throwing Copper - Live
47.7%
'Lakini's Juice'Secret Samadhi - Live
47.5%
'Insane in the Brain'Black Sunday - Cypress Hill
47.3%
'Colors of the Wind' (Soundtrack)Pocahontas: An Original Walt Disney Records Soundtrack - Various Artists
47.1%
'It's All About the Benjamins'No Way Out - Puff Daddy and the Family
46%
'Goodbye Earl'Fly - Dixie Chicks
45.6%
'Tonight, Tonight'Mellon Collie and the Infinite Sadness - Smashing Pumpkins
44.5%
'Nookie'Significant Other - Limp Bizkit
43.9%
'Bulls on Parade'Evil Empire - Rage Against the Machine
43.8%
'Sleep Now in the Fire'The Battle of Los Angeles - Rage Against the Machine
43.7%
'Jump'Totally Krossed Out - Kris Kross
42.5%
'Gangsta's Paradise' (Soundtrack)Dangerous Minds: Music from the Motion Picture - Various Artists
41.4%
Notable Song Album and Artist % Correct
'Firestarter'The Fat of the Land - The Prodigy
39.4%
'Friday' (Soundtrack)Friday: Original Motion Picture Soundtrack - Various Artists
38.5%
'The Dope Show'Mechanical Animals - Marilyn Manson
35.8%
'Tha Crossroads'E. 1999 Eternal - Bone Thugs-n-Harmony
35.3%
'Look Into My Eyes'The Art of War - Bone Thugs-n-Harmony
35.2%
'Blue Moon of Kentucky' (Anthology)Unchained Melody: The Early Years - LeAnn Rimes
35.1%
'How Do I Live'You Light Up My Life (Inspirational Songs) - LeAnn Rimes
35%
'Iris' (Soundtrack)City of Angels: Music from the Motion Picture - Various Artists
32.8%
'A Long December'Recovering the Satellites - Counting Crows
32.4%
'All About Soul'River of Dreams - Billy Joel
31.6%
'Let's Get Rocked'Adrenalize - Def Leppard
30%
'Exhale (Shoop Shoop)' (Soundtrack)Waiting to Exhale: Original Soundtrack Album - Various Artists
29.4%
'Ruff Ryders' Anthem'It's Dark and Hell Is Hot - DMX
27.3%
'Slippin''Flesh of My Flesh, Blood of My Blood - DMX
27.3%
'Don't Follow'Jar of Flies - Alice in Chains
26.1%
'Heaven Beside You'Alice in Chains - Alice in Chains
26.1%
'If I Ruled the World (Imagine That)'It Was Written - Nas
24.4%
'Hate Me Now'I Am... - Nas
24.4%
'Another Sad Love Song'Toni Braxton - Toni Braxton
23.5%
'Remedy'The Southern Harmony and Musical Companion - The Black Crowes
23.2%
'Don't Take the Girl'Not a Moment Too Soon - Tim McGraw
23.1%
'Please Remember Me'A Place in the Sun - Tim McGraw
23.1%
'Alwayz into Somethin'N***z4Life - N.W.A.
20.8%
'Don't Drink the Water'Before These Crowded Streets - Dave Matthews Band
20.8%
'Make 'Em Say Uhh!'Ghetto D - Master P
20.5%
'Make 'Em Say Uhh Part 2'MP Da Last Don - Master P
20.5%
'Thing Called Love'Nick of Time - Bonnie Raitt
18.4%
'Love Sneakin' Up on You'Longing in Their Hearts - Bonnie Raitt
18.3%
'Down Low (Nobody Has to Know)'R. Kelly - R. Kelly
17.3%
'Ryde or Die'Ruff Ryders Ryde or Die Vol. 1 - Various Artists
15.2%
'Hot Spot'Chyna Doll - Foxy Brown
15.1%
'Burn' (Soundtrack)The Crow: Original Motion Picture Soundtrack - Various Artists
14.9%
'Feel So Good'Harlem World - Mase
14.3%
'Greedy Fly'Razorblade Suitcase - Bush
13.8%
'Dreaming of You'Dreaming of You - Selena
13.5%
'I Can Love You'Share My World - Mary J. Blige
12.5%
'Luck Be a Lady'Back to Broadway - Barbra Streisand
11.6%
'Tell Him'Higher Ground - Barbra Streisand
11.6%
'Love Is Blind'Ruff Ryders' First Lady - Eve
11.5%
'Triumph'Wu-Tang Forever - Wu-Tang Clan
11.1%
'Butterfly Kisses'Butterfly Kisses (Shades of Grace) - Bob Carlisle
11.1%
'Into the Void'The Fragile - Nine Inch Nails
10.6%
'Monkey Business'Slave to the Grind - Skid Row
10.5%
'I Feel You'Songs of Faith and Devotion - Depeche Mode
9.4%
'5 Minutes Alone'Far Beyond Driven - Pantera
8.2%
'Today My World Slipped Away'Carrying Your Love with Me - George Strait
8.2%
'Have Yourself a Merry Little Christmas'Miracles: The Holiday Album - Kenny G
7.1%
'Be My Baby Tonight'Kickin' It Up - John Michael Montgomery
6.8%
'Hit Me Off'Home Again - New Edition
5.8%
'Back in the Saddle Again' (Soundtrack)Sleepless in Seattle: Original Motion Picture Soundtrack - Various Artists
5.8%
'Firm Biz'The Album - The Firm
5.5%
'Let's Play House'Dogg Food - Tha Dogg Pound
4.4%
'The Great American Nightmare' (Soundtrack)Howard Stern Private Parts The Album - Various Artists
4%
'Stressed Out'Beats, Rhymes and Life - A Tribe Called Quest
3.8%
'Ya' Money Or Ya' Life'The Untouchable - Scarface
2.6%
'Wanted Dead or Alive' (Soundtrack)Gridlock'd: The Soundtrack - Various Artists
2.3%
'Somebody Like Me'Made Man - Silkk the Shocker
1.9%
Remove Ads.
Support Sporcle.
Get the best of Sporcle when you Go Orange. This ad-free experience offers more features, more stats, and more fun while also helping to support Sporcle. Thank you for becoming a member.

You're not logged in!

Compare scores with friends on all Sporcle quizzes.
OR
Log In

Show Comments

Extras

Top Quizzes Today


Score Distribution

Your Account Isn't Verified!

In order to create a playlist on Sporcle, you need to verify the email address you used during registration. Go to your Sporcle Settings to finish the process.

Report this User

Report this user for behavior that violates our Community Guidelines.

Details: